000 00938nam a2200241 a 4500
001 39501
003 BD-RjUL
005 20211209053014.0
008 160411s2014 bg ||||| |||| 00| 0 ben d
020 _a9789848796665
_c: TK 250.00
035 _a(BD-RjUL)39614
040 _aBD-RjUL
_bben
_cBD-RjUL
041 _aben
082 _223
_a193
_bIMH 2014
100 _aইমাম, পারভেজ
_9121713
245 1 0 _aহেগেল :
_bজীবন ও দর্শন /
_cপারভেজ ইমাম
260 _aঢাকা :
_bঅবসর প্রকাশ,
_c২০১৪
300 _a১৯২ পৃ. ;
_c২২ সেমি.
504 _aগ্রন্থপঞ্জি সম্বলিত
600 _aহেগেল, জর্জ উইলহেম ফ্রেডরিক
_y১৭৭০-১৮৩১
_9121730
600 _aHegel, Georg Wilhelm Friedrich
_y1770-1831
_9121731
942 _2ddc
_cBK
_03
999 _c39501
_d39501